IATA Flughafen Quiz - Statistiken

Allgemein
  • Dieses Quiz wurde 186 mal gespielt
  • Das Durchschnittsergebnis liegt bei 31 aus 50
Antwortstatistiken
IATA Code Stadt % Korrekt
ATL Atlanta
98%
BER Berlin
90%
AMS Amsterdam
89%
SYD Sydney
89%
ATH Athen
88%
DUB Dublin
88%
HEL Helsinki
88%
OSL Oslo
88%
IST Istanbul
87%
WAW Warschau
87%
LAX Los Angeles
86%
VIE Wien
84%
FRA Frankfurt
83%
ZAG Zagreb
83%
ZRH Zürich
82%
BKK Bangkok
75%
MIA Miami
75%
DXB Dubai
74%
CPH Kopenhagen
73%
LHR London
73%
GLA Glasgow
70%
INN Innsbruck
70%
CDG Paris
69%
BCN Barcelona
68%
SFO San Francisco
68%
DEN Denver
63%
LJU Ljubljana
63%
TPE Taipeh
63%
FCO Rom
59%
AKL Auckland
57%
KUL Kuala Lumpur
57%
MNL Manila
57%
HND Tokio
56%
BOM Mumbai
55%
RIX Riga
55%
JNB Johannesburg
52%
LEJ Leipzig
45%
ARN Stockholm
45%
ICN Seoul
44%
DFW Dallas
42%
ORD Chicago
41%
PVG Shanghai
36%
GRU Sao Paulo
32%
EZE Buenos Aires
29%
LIN Mailand
29%
VNO Vilnius
28%
BNE Brisbane
26%
SVO Moskau
24%
CAN Guangzhou
15%
KBP Kiew
15%
Keine übereinstimmenden Quizze gefunden
Verteilung der Resultate
Anzahl Personen mit jedem Resultat
Perzentil nach korrekt beantworteten Fragen
Ihre Resultats-Entwicklung
Sie haben dieses Quiz noch nicht gespielt